Statistiques concernant Culture Générale - Série 810

Cliquez ici pour prendre le quiz!

Statistiques générales

  • Ce quiz a été pris 111 fois
  • Le résultat moyen est 8 sur 10

Statistiques - réponses

QuestionRéponse% Correct
Selon l'expression, lorsque l'on est sur le point de se rappeler d'un mot, on l'a "sur le bout de...la langue
97%
Quel prénom est commun aux écrivains Gide et Malraux ?André
95%
Comment s'appellent les deux petits points placés sur le "i" du mot "astéroïde" ?tréma
94%
Quel souverain, roi des Huns, était surnommé par ses ennemis : "Le Fléau de Dieu" ?Attila
93%
Quel est le prénom du fils aîné du Prince Charles, héritier du trône d'Angleterre ?William
93%
Quel mot de 4 lettres désigne à la fois une pierre cubique utilisée pour le revêtement des chaussées et un livre très épais ?pavé
85%
De quel pays est originaire la nageuse française Roxana Maracineanu ?Roumanie
81%
Dans le dessin animé, quel est le nom de l'ami félin de Winnie l'ourson qui bondit un peu partout ?Tigrou
76%
Quel fleuve arrose les villes de Québec et de Montréal ?Saint-Laurent
69%
En Afrique, qu'est-ce qu'un awalé ou awélé ?jeu
28%

Distribution des résultats

Percentile par nombre de réponses

% des personnes avec chaque résultat

Votre développement - résultats

Vous n’avez pas pris ce quiz